Pokémon - Les attaques de Zarude - Statistiques

Statistiques générales
  • Ce quiz a été pris 10 fois
  • Le résultat moyen est 10 sur 17
Statistiques - réponses
Niveaux Types Noms des attaques % Correct
Niveau 84 Plante Mégafouet
100%
Niveau 60 Plante Éco-Sphère
86%
Départ Normal Griffe
86%
Niveau 66 Plante Synthèse
86%
Niveau 24 Normal Combo-Griffe
71%
Niveau 12 Plante Fouet Lianes
71%
Niveau 30 Normal Grimace
71%
Niveau 6 Normal Groz'Yeux
71%
Niveau 48 Insecte Demi-Tour
57%
Niveau 72 Combat Marto-Poing
57%
Niveau 42 Ténèbres Morsure
57%
Niveau 90 Plante Selve Salvatrice
57%
Niveau 36 Plante Nœud Herbe
43%
Niveau 54 Normal Vantardise
29%
Niveau 18 Normal Croissance
14%
Niveau 78 Normal Mania
14%
Départ Normal Étreinte
0%
Aucun quiz correspondant
Distribution des résultats
% des personnes avec chaque résultat
Percentile par nombre de réponses
Votre historique - résultats
Vous n’avez pas pris ce quiz